| 000 | 00869nac a22002771u 4500 | ||
|---|---|---|---|
| 999 |
_c345 _d345 |
||
| 003 | EG-ScBUE | ||
| 005 | 20210509092501.0 | ||
| 008 | 200219s1994 nyu f d 000 0 eng d | ||
| 020 | _a0385474547 | ||
| 020 | _a9780385474542 | ||
| 040 |
_aEG-ScBUE _beng _erda _cEG-ScBUE _dEG-ScBUE |
||
| 082 | 0 | 4 |
_a823 _bACH _222 |
| 100 | 1 |
_aAchebe, Chinua, _eauthor. |
|
| 245 | 1 | 0 |
_aThings fall apart / _cChinua Achebe. |
| 264 | 1 |
_aNew York : _bAnchor Books, a Division of Random House, Inc., _c1994. |
|
| 300 |
_a209 pages ; _c24 cm |
||
| 336 |
_2rdacontent _atext _btxt |
||
| 337 |
_2rdamedia _aunmediated _bn |
||
| 338 |
_2rdacarrier _avolume _bnc |
||
| 500 | _aIncludes glossary. | ||
| 650 | 7 |
_aMen _xRace relations _vFiction. _2BUEsh |
|
| 651 | 7 |
_aNigeria _vFiction. _2BUEsh |
|
| 653 |
_bHHUUEENN _cMay2021 |
||
| 655 |
_vReading book _934232 |
||
| 942 |
_cBB _k823A177 _2ddc |
||